| 000 | 00405nam a22001457a 4500 | ||
|---|---|---|---|
| 020 | _a9780072403091 | ||
| 040 | _cNust | ||
| 082 |
_a512.5 _bSHO |
||
| 100 |
_aThomas S. Shores _9125414 |
||
| 245 | _aApplied linear algebra and Matrix analysis | ||
| 250 | _a2nd Edition | ||
| 260 |
_aNew York: _bMcGraw-Hill, _c2000. |
||
| 650 |
_aApplied linear algebra and Matrix analysis _9125415 |
||
| 942 |
_2ddc _cBK |
||
| 999 |
_c611170 _d611170 |
||